English Premier League Top Goalscorers (2011-2012 Season) - Statistics

General Stats
  • This quiz has been taken 326 times
  • The average score is 9 of 20
Answer Stats
Hint Answer % Correct
Arsenal 30 Robin Van Persie
95%
Manchester United 27 Wayne Rooney
91%
Manchester City 23 Sergio Aguero
87%
Newcastle 16 Demba Ba
78%
Chelsea 11 Frank Lampard and Daniel Sturridge
77%
Liverpool 11 Luis Suarez
73%
Aston Villa 9 Darren Bent
69%
Stoke City 10 Peter Crouch
66%
Norwich City 15 Grant Holt
50%
Tottenham Hotspur 17 Emmanuel Adebayor
47%
Fulham 17 Clint Dempsey
40%
Wolverhampton Wanderers 12 Steven Fletcher
36%
Blackburn Rovers 17 Yakubu Aiyegbeni
32%
Everton 9 Nikica Jelavic
28%
Swansea City 12 Danny Graham
23%
Wigan 7 Franco Di Santo
17%
West Brom 10 Peter Odemwingie
15%
Bolton Wanderers 8 Ivan Klasnic
8%
Sunderland 8 Nicklas Bendtner
3%
Queens Park Rangers 8 Heioar Helguson
2%
No matching quizzes found
Score Distribution
Percent of People with Each Score
Percentile by Number Answered
Your Score History
You have not taken this quiz